EL MARXISMO ANTE EL HOMBRE /

TRADUCCION DE: LE MARXISME DEVANT L'HOMME

محفوظ في:
التفاصيل البيبلوغرافية
المؤلف الرئيسي: Gouliane, C.I (autor)
التنسيق: كتاب
سلاسل:PENSAMIENTO ; 31
الموضوعات:
الوسوم: إضافة وسم
لا توجد وسوم, كن أول من يضع وسما على هذه التسجيلة!

MARC

LEADER 00000nam^a2200000^a^4500
001 000235772
005 20250521000000.0
009 20260526132530.564
035 |a 054198 
037 |a Acervo Xavier Clavigero 
082 |a 128.  |b GOU 
100 |a Gouliane, C.I.  |e (autor) 
245 1 3 |a EL MARXISMO ANTE EL HOMBRE /  |c C.I. GOULIANE ; TR. ENRIQUE MOLINA 
264 |a BARCELONA :  |b FONTANELLA,  |c 1970 
300 |a 314 p. 
336 |a texto  |b txt  |2 rdacontenido 
337 |a sin mediación  |b n  |2 rdamedio 
338 |a volumen  |b nc  |2 rdasoporte 
440 |a PENSAMIENTO ;  |v 31 
520 |a TRADUCCION DE: LE MARXISME DEVANT L'HOMME 
649 |a XX 
650 |a Antropología Filosófica 
650 |a Materialismo Histórico y Dialéctico 
910 |a Fondo General 
920 |a Impresos - Libros 
930 |a Colección General 
905 |a 101 
901 |a 054198  |b IT1  |c ACC  |i 054198  |u 20250521 
902 |a https://opac.biblio.iteso.mx/vufind/Record/000235772